All Dinosaur Genera - Statistics

General Stats
  • This quiz has been taken 185 times
  • The average score is 150 of 1773
Answer Stats
HINT ANSWER % Correct
t Tyrannosaurus
79%
a Allosaurus
76%
s Stegosaurus
73%
t Triceratops
73%
v Velociraptor
71%
s Spinosaurus
70%
b Brachiosaurus
68%
u Utahraptor
65%
i Iguanodon
64%
p Parasaurolophus
64%
a Ankylosaurus
63%
a Apatosaurus
62%
c Carnotaurus
62%
d Dilophosaurus
62%
d Diplodocus
60%
a Albertosaurus
59%
b Baryonyx
59%
a Argentinosaurus
58%
p Pachycephalosaurus
58%
m Megalosaurus
57%
c Compsognathus
56%
d Deinonychus
56%
k Kentrosaurus
56%
i Irritator
55%
c Camarasaurus
54%
g Giganotosaurus
54%
o Oviraptor
54%
g Gallimimus
53%
p Pachyrhinosaurus
53%
t Tarbosaurus
53%
b Brontosaurus
52%
c Ceratosaurus
52%
t Therizinosaurus
52%
a Acrocanthosaurus
51%
possibly a bird Archaeopteryx
51%
c Coelophysis
51%
e Edmontosaurus
51%
g Giraffatitan
49%
m Majungasaurus
49%
m Microraptor
49%
s Suchomimus
48%
y Yi
48%
a Abelisaurus
47%
c Carcharodontosaurus
47%
c Corythosaurus
47%
c Cryolophosaurus
47%
g Gorgosaurus
47%
m Mamenchisaurus
47%
e Eoraptor
46%
t Torvosaurus
46%
a Amargasaurus
45%
d Deinocheirus
45%
s Supersaurus
45%
y Yutyrannus
45%
h Herrerasaurus
44%
p Plateosaurus
44%
c Chasmosaurus
43%
s Styracosaurus
43%
c Concavenator
42%
g Gigantoraptor
42%
t Torosaurus
42%
t Troodon
42%
g Guanlong
41%
m Monolophosaurus
41%
s Saurophaganax
41%
s Shantungosaurus
41%
o Ouranosaurus
40%
p Protoceratops
40%
p Psittacosaurus
40%
p Pyroraptor
40%
a Alamosaurus
38%
junior synonym of Pachycephalosaurus Dracorex
38%
l Lambeosaurus
38%
s Sauroposeidon
38%
junior synonym of Pachycephalosaurus Stygimoloch
38%
z Zuniceratops
38%
e Euoplocephalus
37%
o Ornithomimus
37%
r Rajasaurus
37%
s Saltasaurus
37%
s Struthiomimus
37%
d Dakotaraptor
36%
d Daspletosaurus
36%
h Hadrosaurus
36%
m Megaraptor
36%
n Nigersaurus
36%
preoccupied name, now known as Atlantosaurus | t Titanosaurus
36%
f Fukuiraptor
35%
m Minmi
35%
m Miragaia
35%
possible junior synonym of Tyrannosaurus Nanotyrannus
35%
c Citipati
34%
d Dicraeosaurus
34%
d Dreadnoughtus
34%
e Eotyrannus
34%
m Mapusaurus
34%
s Sauropelta
34%
s Sinraptor
34%
t Tyrannotitan
34%
w Wuerhosaurus
34%
y Yangchuanosaurus
34%
y Zalmoxes
34%
a Alioramus
33%
a Australovenator
33%
c Centrosaurus
33%
m Maiasaura
33%
n Nanuqsaurus
33%
q Qianzhousaurus
33%
s Sinoceratops
33%
a Aardonyx
32%
a Afrovenator
32%
a Antarctopelta
32%
b Bajadasaurus
32%
b Bambiraptor
32%
b Borealopelta
32%
e Edmontonia
32%
m Massospondylus
32%
p Polacanthus
32%
a Anchisaurus
31%
b Barosaurus
31%
d Dromaeosaurus
31%
d Dryosaurus
31%
m Mononykus
31%
m Muttaburrasaurus
31%
n Neovenator
31%
p Pentaceratops
31%
s Sinosauropteryx
31%
a Achillobator
30%
a Altispinax
30%
a Atrociraptor
30%
d Deltadromeus
30%
i Ichthyovenator
30%
n Nasutoceratops
30%
o Olorotitan
30%
p Patagotitan
30%
p Procompsognathus
30%
t Tarchia
30%
junior synonym of Edmontosaurus Anatotitan
29%
c Camptosaurus
29%
d Dacentrurus
29%
d Dilong
29%
f Fukuisaurus
29%
h Hypsilophodon
29%
l Lesothosaurus
29%
a Austroraptor
27%
b Barsboldia
27%
e Eustreptospondylus
27%
h Hylaeosaurus
27%
n Nodosaurus
27%
r Rugops
27%
s Saurolophus
27%
s Stegoceras
27%
t Tenontosaurus
27%
a Archaeornithomimus
26%
b Bagaceratops
26%
e Einiosaurus
26%
k Kosmoceratops
26%
m Micropachycephalosaurus
26%
o Ornitholestes
26%
p Proceratosaurus
26%
s Shunosaurus
26%
s Sinosaurus
26%
t Telmatosaurus
26%
d Diabloceratops
25%
d Dryptosaurus
25%
g Gigantspinosaurus
25%
g Gryposaurus
25%
h Heterodontosaurus
25%
j Jobaria
25%
j Juravenator
25%
m Microceratus
25%
n Nemegtosaurus
25%
s Struthiosaurus
25%
z Zby
25%
a Agustinia
24%
a Albertaceratops
24%
a Alectrosaurus
24%
a Amphicoelias
24%
a Aquilops
24%
a Astrodon
24%
c Cedarpelta
24%
c Corythoraptor
24%
g | preoccupied name, now known as Tornieria Gigantosaurus
24%
h Homalocephale
24%
s Suskityrannus
24%
preoccupied name, renamed Ultrasauros which is now a junior synonym of Supersaurus | u Ultrasaurus
24%
z Zuul
24%
a Ampelosaurus
23%
a Anzu
23%
e Europasaurus
23%
g Gasosaurus
23%
g Gastonia
23%
g Gobisaurus
23%
h Huayangosaurus
23%
i Issi
23%
l Lythronax
23%
m Metriacanthosaurus
23%
p Paralititan
23%
p Pinacosaurus
23%
p Prosaurolophus
23%
s Scelidosaurus
23%
u Utahceratops
23%
z Zhuchengtyrannus
23%
a Achelousaurus
22%
a Avimimus
22%
e Eotriceratops
22%
k Kulindadromeus
22%
k Kuru
22%
m Masiakasaurus
22%
n Nothronychus
22%
r Rhabdodon
22%
s Sarcosaurus
22%
s Sinornithosaurus
22%
t Tuojiangosaurus
22%
x Xenoceratops
22%
a Acheroraptor
21%
a Antarctosaurus
21%
a Avaceratops
21%
junior synonym of Altispinax Becklespinax
21%
c Cetiosaurus
21%
d Dynamoterror
21%
e Ekrixinatosaurus
21%
preoccupied name, now known as Haplocanthosaurus Haplocanthus
21%
h Hypacrosaurus
21%
l Leaellynasaura
21%
m Magyarosaurus
21%
m Mantellisaurus
21%
possible junior synonym of Spinosaurus Oxalaia
21%
s Siamosaurus
21%
s Staurikosaurus
21%
s Stenonychosaurus
21%
t Thanos
21%
t Tsintaosaurus
21%
a Australotitan
20%
possibly a bird Balaur
20%
b Bistahieversor
20%
c Coelurus
20%
i Indosuchus
20%
i Isisaurus
20%
l Liliensternus
20%
m Moros
20%
p Prenocephale
20%
r Rapetosaurus
20%
r Riojasaurus
20%
s Scutellosaurus
20%
s Segnosaurus
20%
junior synonym of Diplodocus Seismosaurus
20%
a Alaskacephale
19%
a Alvarezsaurus
19%
a Anchiornis
19%
c Ceratosuchops
19%
c Chungkingosaurus
19%
f Falcarius
19%
h Hesperosaurus
19%
i Indosaurus
19%
l Leptoceratops
19%
l Lurdusaurus
19%
m Maip
19%
m Mei
19%
o Orodromeus
19%
preoccupied name, now known as Rahonavis Rahona
19%
s Saichania
19%
s Sinotyrannus
19%
t Thecodontosaurus
19%
v Vulcanodon
19%
w Wannanosaurus
19%
a Anchiceratops
18%
a Arrhinoceratops
18%
b Bactrosaurus
18%
c Caudipteryx
18%
c Charonosaurus
18%
c Crichtonsaurus
18%
e Eolambia
18%
e Erlikosaurus
18%
g Gojirasaurus
18%
k Kol
18%
l Lufengosaurus
18%
m Meraxes
18%
n Noasaurus
18%
p Pelecanimimus
18%
possibly a bird Rahonavis
18%
s Saurornithoides
18%
s Skorpiovenator
18%
s Sonorasaurus
18%
x Xenotarsosaurus
18%
e Eocarcharia
16%
e Epidexipteryx
16%
possibly Lesothosaurus Fabrosaurus
16%
k Kritosaurus
16%
n Nanosaurus
16%
p Puertasaurus
16%
s Scansoriopteryx
16%
possible junior synonym of Spinosaurus Sigilmassasaurus
16%
t Teratophoneus
16%
t Tethyshadros
16%
x Xenoposeidon
16%
a Abrictosaurus
15%
a Abrosaurus
15%
a Aegyptosaurus
15%
a Amargatitanis
15%
junior synonym of Edmontosaurus Anatosaurus
15%
b Barapasaurus
15%
c Chilesaurus
15%
d Daemonosaurus
15%
d Dracovenator
15%
e Elaphrosaurus
15%
e Euskelosaurus
15%
f Fukuivenator
15%
f Futalognkosaurus
15%
g Glacialisaurus
15%
h Halszkaraptor
15%
i Incisivosaurus
15%
j Jakapil
15%
j Janenschia
15%
j Juratyrant
15%
k Khaan
15%
k Koreaceratops
15%
k Kryptops
15%
possible junior synonym of Stenonychosaurus Latenivenatrix
15%
m Melanorosaurus
15%
possible synonym of Eotriceratops Ojoceratops
15%
o Orkoraptor
15%
o Ostafrikasaurus
15%
p Pararhabdodon
15%
r Rapator
15%
s Siats
15%
t Tianchisaurus
15%
t Tornieria
15%
z Zephyrosaurus
15%
a Adasaurus
14%
a Agujaceratops
14%
a Albertonykus
14%
a Altirhinus
14%
a Andesaurus
14%
a Anodontosaurus
14%
a Aucasaurus
14%
a Austroposeidon
14%
b Brachylophosaurus
14%
b Buitreraptor
14%
c Cedarosaurus
14%
c Ceratops
14%
c Crichtonpelta
14%
d Daxiatitan
14%
d Dracopelta
14%
g Gargoyleosaurus
14%
g Goyocephale
14%
h Haplocanthosaurus
14%
i Iguanacolossus
14%
k Kileskus
14%
junior synonym of Majungasaurus Majungatholus
14%
m Medusaceratops
14%
m Mussaurus
14%
p Pelorosaurus
14%
p Pycnonemosaurus
14%
s Saurornitholestes
14%
s Stegouros
14%
possible synonym of Baryonyx Suchosaurus
14%
t Thescelosaurus
14%
t Titanoceratops
14%
junior synonym of Supersaurus Ultrasauros
14%
v Velocisaurus
14%
possible junior synonym of Miragaia Alcovasaurus
13%
a Aralosaurus
13%
a Aublysodon
13%
a Austrosaurus
13%
b Barilium
13%
c Cetiosauriscus
13%
e Europatitan
13%
e Europelta
13%
g Gobititan
13%
h Harpymimus
13%
l Lexovisaurus
13%
l Liaoningosaurus
13%
m Microvenator
13%
m Montanoceratops
13%
o Omeisaurus
13%
p Pegomastax
13%
r Rebbachisaurus
13%
r Regaliceratops
13%
s Shri
13%
s Sibirotitan
13%
t Talarurus
13%
t Thanatotheristes
13%
t Turiasaurus
13%
v Vallibonavenatrix
13%
y Yinlong
13%
y Zanabazar
13%
subsequently found to be non-dinosaurian Zanclodon
13%
a Agilisaurus
12%
a Animantarx
12%
a Apatoraptor
12%
a Aragosaurus
12%
a Archaeoceratops
12%
b Bahariasaurus
12%
b Bonapartenykus
12%
b Bonitasaura
12%
b Bruhathkayosaurus
12%
d Diamantinasaurus
12%
e Eoabelisaurus
12%
e Eomamenchisaurus
12%
nomen nudum; not to be confused with the formally named plesiosaur Futabasaurus Futabasaurus
12%
i Imperobator
12%
preoccupied name, now known as Heyuannia yanshini Ingenia
12%
l Lusotitan
12%
m Marshosaurus
12%
preoccupied name, now known as Microceratus Microceratops
12%
m Mochlodon
12%
o Opisthocoelicaudia
12%
o Orosaurus
12%
p Patagosaurus
12%
p Piatnitzkysaurus
12%
p Probrachylophosaurus
12%
q Quaesitosaurus
12%
r Riparovenator
12%
possibly non-dinosaurian Saltopus
12%
s Saltriovenator
12%
s Scolosaurus
12%
s Segisaurus
12%
s Sinovenator
12%
s Streptospondylus
12%
t Tylocephale
12%
u Unenlagia
12%
v Variraptor
12%
w Wintonotitan
12%
subsequently found to be a piece of petrified wood Aachenosaurus
11%
possible synonym of Triceratops Agathaumas
11%
a Ajkaceratops
11%
a Amurosaurus
11%
a Appalachiosaurus
11%
a Atlantosaurus
11%
a Atlasaurus
11%
b Borealosaurus
11%
c Coahuilaceratops
11%
c Coloradisaurus
11%
c Conchoraptor
11%
e Euhelopus
11%
g Galvesaurus
11%
h Heyuannia
11%
h Hungarosaurus
11%
h Hypsibema
11%
k Kaatedocus
11%
m Machairoceratops
11%
m Magnapaulia
11%
n Nemegtomaia
11%
p Panoplosaurus
11%
possible synonym of Thecodontosaurus Pantydraco
11%
p Probactrosaurus
11%
s Santanaraptor
11%
s Saturnalia
11%
s Sauroniops
11%
s Secernosaurus
11%
s Shuvuuia
11%
s Siamotyrannus
11%
s Szechuanosaurus
11%
t Tanycolagreus
11%
subsequently found to be a protorosaur Tanystropheus
11%
u Udanoceratops
11%
u Unescoceratops
11%
v Velafrons
11%
y Yamatosaurus
11%
a Abydosaurus
10%
a Aerosteon
10%
a Afromimus
10%
a Albertadromeus
10%
a Alxasaurus
10%
a Amazonsaurus
10%
a Arkansaurus
10%
a Asfaltovenator
10%
subsequently found to be an enantiornithine bird Avisaurus
10%
b Bonapartesaurus
10%
b Bradycneme
10%
b Brontomerus
10%
b Byronosaurus
10%
c Chilantaisaurus
10%
c Chirostenotes
10%
possibly Gorgosaurus Deinodon
10%
d Denversaurus
10%
possible junior synonym of Supersaurus Dinheirosaurus
10%
d Draconyx
10%
e Efraasia
10%
e Enigmosaurus
10%
e Eocursor
10%
f Fukuititan
10%
h Huaxiagnathus
10%
k Kunbarrasaurus
10%
l Labocania
10%
l Lourinhanosaurus
10%
l Lycorhinus
10%
m Magnosaurus
10%
possible junior synonym of Coelophysis Megapnosaurus
10%
m Mongolostegus
10%
possible junior synonym of Triceratops Nedoceratops
10%
n Nqwebasaurus
10%
o Oksoko
10%
p Pectinodon
10%
p Peloroplites
10%
possibly non-dinosaurian Pisanosaurus
10%
q Qantassaurus
10%
possible junior synonym of Tarbosaurus Raptorex
10%
subsequently found to be a pseudosuchian Revueltosaurus
10%
s Sinornithomimus
10%
t Tsaagan
10%
v Vagaceratops
10%
x Xuwulong
10%
a Adamantisaurus
9%
a Alwalkeria
9%
possible junior synonym of Irritator Angaturama
9%
a Anserimimus
9%
a Aviatyrannis
9%
b Bannykus
9%
b Beibeilong
9%
c Caihong
9%
c Camarillasaurus
9%
c Camposaurus
9%
c Condorraptor
9%
c Cryptosaurus
9%
d Dromiceiomimus
9%
d Duriavenator
9%
e Echinodon
9%
e Eodromaeus
9%
e Eucnemesaurus
9%
f Ferganocephale
9%
g Genyodectes
9%
g Gondwanatitan
9%
h Hippodraco
9%
j Jaxartosaurus
9%
k Kholumolumo
9%
l Laevisuchus
9%
l Lessemsaurus
9%
l Lophostropheus
9%
l Lourinhasaurus
9%
n Neuquenraptor
9%
o Oceanotitan
9%
p Pawpawsaurus
9%
possible synonym of Gryposaurus Rhinorex
9%
s Scipionyx
9%
s Spectrovenator
9%
preoccupied name, sometimes assigned to Coelophysis or Megapnosaurus Syntarsus
9%
subsequently found to be a non-dinosaurian archosaur Teratosaurus
9%
t Texacephale
9%
t Tianyulong
9%
t Tototlmimus
9%
t Turanoceratops
9%
junior synonym of Mantellisaurus Vectisaurus
9%
v Velocipes
9%
x Xiaosaurus
9%
x Xuanhuaceratops
9%
z Zaraapelta
9%
z Zhuchengtitan
9%
a Albertavenator
8%
a Ambopteryx
8%
subsequently found to be a proterosuchid archosauriform Ankistrodon
8%
a Arackar
8%
a Arcovenator
8%
a Atlascopcosaurus
8%
preoccupied name, now known as Avalonianus Avalonia
8%
b Bagaraatan
8%
b Beg
8%
b Brachyceratops
8%
c Caenagnathus
8%
preoccupied name, now known as Campylodoniscus Campylodon
8%
c Ceratonykus
8%
c Chindesaurus
8%
d Dakotadon
8%
d Dubreuillosaurus
8%
junior synonym of Tyrannosaurus Dynamosaurus
8%
e Elmisaurus
8%
h Hesperonychus
8%
h Hexing
8%
i Iberospinus
8%
i Isanosaurus
8%
j Jainosaurus
8%
nomen nudum Lancanjiangosaurus
8%
possibly non-dinosaurian Lewisuchus
8%
l Liaoceratops
8%
m Malawisaurus
8%
m Monoclonius
8%
m Morrosaurus
8%
n Navajoceratops
8%
n Neuquensaurus
8%
n Ninjatitan
8%
n Nipponosaurus
8%
n Notocolossus
8%
o Ohmdenosaurus
8%
junior synonym of Nanosaurus Othnielia
8%
o Overosaurus
8%
p Parksosaurus
8%
now known as Hypsibema missouriensis Parrosaurus
8%
p Parvicursor
8%
p Proa
8%
p Protohadros
8%
s Sarahsaurus
8%
s Sinornithoides
8%
s Suzhousaurus
8%
t Thecocoelurus
8%
t Timimus
8%
t Trachodon
8%
nomen nudum Ubirajara
8%
u Unaysaurus
8%
v Venenosaurus
8%
v Viavenator
8%
w Wendiceratops
8%
x Xiongguanlong
8%
y Yandusaurus
8%
y Yulong
8%
y Yunnanosaurus
8%
nomen nudum, Suskityrannus Zunityrannus
8%
a Abdarainurus
7%
a Acanthopholis
7%
a Achillesaurus
7%
a Adratiklit
7%
a Aepyornithomimus
7%
a Albinykus
7%
a Amanzia
7%
a Amygdalodon
7%
possibly a synonym of Allosaurus Antrodemus
7%
a chimaera of the bird Yanornis and the dromaeosaur Microraptor Archaeoraptor
7%
a Archaeornithoides
7%
subsequently found to be a non-dinosaurian archosaur Avalonianus
7%
b Berthasaura
7%
b Brachytrachelopan
7%
c Caenagnathasia
7%
c Calamosaurus
7%
c Callovosaurus
7%
c Campylodoniscus
7%
preoccupied genus name, species "Coelosaurus" antiquus Coelosaurus
7%
c Cristatusaurus
7%
unior synonym of Microraptor Cryptovolans
7%
preoccupied name, now known as Nedoceratops Diceratops
7%
d Diplotomodon
7%
d Dromaeosauroides
7%
synonym of Scansoriopteryx Epidendrosaurus
7%
e Erliansaurus
7%
f Fruitadens
7%
g Gobiraptor
7%
h Hexinlusaurus
7%
h Huabeisaurus
7%
h Hypselospinus
7%
i Ingentia
7%
i Invictarx
7%
j Jiangjunosaurus
7%
k | nomen nudum; name later used formally for a genus of ornithopod Koreanosaurus
7%
k Kotasaurus
7%
k Kurupi
7%
l Linhenykus
7%
synonym of Tyrannosaurus Manospondylus
7%
m Mercuriceratops
7%
m Minotaurasaurus
7%
m Mosaiceratops
7%
n Natovenator
7%
n Nemegtonykus
7%
o Ozraptor
7%
preoccupied name, now known as Sphenosaurus and considered to be a non-dinosaurian procolophonid | subsequently found to be a non-dinosaurian reptile Palaeosaurus
7%
p Pampadromaeus
7%
p Panamericansaurus
7%
p Paraxenisaurus
7%
p Protathlitis
7%
preoccupied name, now known as Protognathosaurus Protognathus
7%
r Rhoetosaurus
7%
preoccupied name, now known as Rileyasuchus Rileya
7%
r Rinchenia
7%
s Shamosaurus
7%
s Siamraptor
7%
s Silvisaurus
7%
s Sinocalliopteryx
7%
possibly non-dinosaurian Smok
7%
s Spiclypeus
7%
s Spicomellus
7%
t Talos
7%
t Teinurosaurus
7%
subsequently found to be a basal crocodylomorph Trialestes
7%
t Tyrannomimus
7%
v Vectipelta
7%
v Volgatitan
7%
w Wulong
7%
x Xinjiangovenator
7%
y Yingshanosaurus
7%
z Zhuchengceratops
7%
z Zupaysaurus
7%
a Acrotholus
5%
a Adeopapposaurus
5%
synonym of Heyuannia Ajancingenia
5%
junior synonym of Anchisaurus Ammosaurus
5%
a Angolatitan
5%
a Anoplosaurus
5%
subsequently found to be a rauisuchian Arizonasaurus
5%
a Asiaceratops
5%
a Atacamatitan
5%
a Atsinganosaurus
5%
b Banji
5%
b Bashanosaurus
5%
b Berberosaurus
5%
b Betasuchus
5%
b Bicentenaria
5%
b Blikanasaurus
5%
c Chenanisaurus
5%
c Chialingosaurus
5%
c Chubutisaurus
5%
d Demandasaurus
5%
preoccupied name for a junior synonym of Brithopus; now a junior synonym of Plateosaurus Dinosaurus
5%
d Dongbeititan
5%
d Duriatitan
5%
d Dyoplosaurus
5%
junior synonym of Torvosaurus Edmarka
5%
e Emausaurus
5%
e Eotrachodon
5%
e Erectopus
5%
f Ferrisaurus
5%
f Foraminacephale
5%
f Furcatoceratops
5%
f Fylax
5%
g Genusaurus
5%
g Gnathovorax
5%
g Graciliceratops
5%
g Graciliraptor
5%
h Helioceratops
5%
h Hoplitosaurus
5%
h Hulsanpes
5%
h Hypselosaurus
5%
i Igai
5%
preoccupied genus name, species Ischyrosaurus manseli Ischyrosaurus
5%
j Jingshanosaurus
5%
j Judiceratops
5%
l Liaoningotitan
5%
l Limusaurus
5%
l Lingwulong
5%
l Lusovenator
5%
m Magnamanus
5%
m Maraapunisaurus
5%
m Martharaptor
5%
m Mongolosaurus
5%
m Murusraptor
5%
m Mymoorapelta
5%
n Nanshiungosaurus
5%
n Nullotitan
5%
o Oryctodromeus
5%
junior synonym of Nanosaurus Othnielosaurus
5%
o Owenodon
5%
subsequently found to be an azhdarchoid pterosaur Palaeocursornis
5%
p Pamparaptor
5%
p Panphagia
5%
p Paralitherizinosaurus
5%
p Paranthodon
5%
p Plesiohadros
5%
subsequently found to be a non-dinosaurian archosaur Ponerosteus
5%
p Protognathosaurus
5%
subsequently found to be a phytosaur Rileyasuchus
5%
r Riojavenatrix
5%
s Sarcolestes
5%
s Shanag
5%
possibly non-dinosaurian Silesaurus
5%
s Similicaudipteryx
5%
s Soriatitan
5%
s Spinops
5%
s Stellasaurus
5%
t Tarascosaurus
5%
t Taurovenator
5%
t Tianyuraptor
5%
u Ulughbegsaurus
5%
v Vespersaurus
5%
v Vouivria
5%
y Yaverlandia
5%
y Yuxisaurus
5%
z Zigongosaurus
5%
nomen nudum, synonym of Giraffatitan Abdallahsaurus
4%
a Acantholipan
4%
a Acristavus
4%
a Adelolophus
4%
a Aeolosaurus
4%
a Algoasaurus
4%
junior synonym of Eucnemesaurus Aliwalia
4%
a Amtocephale
4%
a Aorun
4%
a Argyrosaurus
4%
a Aurornis
4%
a Australodocus
4%
b Bellusaurus
4%
b Bolong
4%
b Boreonykus
4%
b Borogovia
4%
b Bothriospondylus
4%
b Brasilotitan
4%
b Bravoceratops
4%
c Changyuraptor
4%
c Citipes
4%
c Coronosaurus
4%
c Craterosaurus
4%
d Dahalokely
4%
subsequently found to be a metriorhynchid crocodilian Dakosaurus
4%
subsequently found to be a non-dinosaurian archosaur; possible junior synonym of Ornithosuchus Dasygnathoides
4%
subsequently found to be a crocodilian Dianchungosaurus
4%
d Dineobellator
4%
d Dongyangosaurus
4%
d Dracoraptor
4%
possibly non-dinosaurian Dravidosaurus
4%
junior synonym of Nanosaurus Drinker
4%
d Drusilasaura
4%
d Dysganus
4%
e Elaltitan
4%
e Eousdryosaurus
4%
may be Allosaurus Epanterias
4%
f Fulgurotherium
4%
possibly a junior synonym of Bagaceratops Gobiceratops
4%
g Gobihadros
4%
g Gobivenator
4%
h Hesperornithoides
4%
i Iani
4%
i Inawentu
4%
i Isaberrysaura
4%
i Ischioceratops
4%
i Itemirus
4%
j Jeholosaurus
4%
j Jiangshanosaurus
4%
k Kaijutitan
4%
k Kelmayisaurus
4%
k Kinnareemimus
4%
l Lapampasaurus
4%
l Lapparentosaurus
4%
l Latirhinus
4%
l Ledumahadi
4%
l Liaoningvenator
4%
l Linheraptor
4%
l Loricatosaurus
4%
m Manidens
4%
m Menefeeceratops
4%
junior synonym of Camarasaurus Morosaurus
4%
n Nodocephalosaurus
4%
o Overoraptor
4%
p Patagonykus
4%
p Phuwiangosaurus
4%
p Platypelta
4%
p Poekilopleuron
4%
subsequently found to be a rauisuchian Postosuchus
4%
p Propanoplosaurus
4%
p Protarchaeopteryx
4%
r Rativates
4%
s Savannasaurus
4%
s Sinankylosaurus
4%
nomen nudum Sinopeltosaurus
4%
s Stegopelta
4%
s Stenopelix
4%
s Stokesosaurus
4%
t Tastavinsaurus
4%
t Tawa
4%
t Terminocavus
4%
t Timurlengia
4%
t Tlatolophus
4%
t Trinisaura
4%
junior synonym of Edmontosaurus Ugrunaaluk
4%
u Uteodon
4%
v Veterupristisaurus
4%
w Wamweracaudia
4%
w Wiehenvenator
4%
a Ahshislepelta
3%
a Ajnabia
3%
a Akainacephalus
3%
a Albalophosaurus
3%
a Aletopelta
3%
a Anasazisaurus
3%
a Aniksosaurus
3%
a Aquilarhinus
3%
subsequently found to be a non-dinosaurian reptile Arctosaurus
3%
a Arcusaurus
3%
a fish Asiamericana
3%
a Asiatosaurus
3%
a Auroraceratops
3%
probably a non-dinosaurian dinosauromorph Avipes
3%
b Baalsaurus
3%
b Bisticeratops
3%
b Breviceratops
3%
nomen nudum, synonym of Torvosaurus Brontoraptor
3%
b Bustingorrytitan
3%
c Canardia
3%
c Changchunsaurus
3%
c Chaoyangsaurus
3%
c Chebsaurus
3%
d Daanosaurus
3%
d Datanglong
3%
d Datousaurus
3%
d Diluvicursor
3%
d Dryptosauroides
3%
d Dysalotosaurus
3%
d Dyslocosaurus
3%
junior synonym of Chasmosaurus Eoceratops
3%
e Eosinopteryx
3%
e Equijubus
3%
e Euronychodon
3%
f Ferganasaurus
3%
f Fosterovenator
3%
g Garudimimus
3%
g Gasparinisaura
3%
junior synonym of Archaeopteryx Griphosaurus
3%
g Gryphoceratops
3%
g Guaibasaurus
3%
h Haya
3%
i Ilokelesia
3%
j Jiangxisaurus
3%
j Jinbeisaurus
3%
k Kerberosaurus
3%
preoccupied name, now known as Dryptosaurus Laelaps
3%
l Laplatasaurus
3%
l Leinkupal
3%
l Lirainosaurus
3%
l Lucianovenator
3%
m Macrocollum
3%
m Monkonosaurus
3%
preoccupied name, now known as Mononykus Mononychus
3%
n Naashoibitosaurus
3%
n Neimongosaurus
3%
n Nuthetes
3%
possibly non-dinosaurian Nyasasaurus
3%
o Ojoraptorsaurus
3%
preoccupied name, now known as Dacentrurus Omosaurus
3%
o Oohkotokia
3%
o Ornithodesmus
3%
subsequently found to be a non-dinosaurian archosaur Ornithosuchus
3%
p Paludititan
3%
subsequently found to be a pareiasaur Pareiasaurus
3%
p Plateosauravus
3%
p Podokesaurus
3%
subsequently found to be a non-dinosaurian archosaur Poposaurus
3%
p Prenoceratops
3%
junior synonym (unneeded replacement name) of Ceratops Proceratops
3%
junior synonym of Styracosaurus Rubeosaurus
3%
r Rukwatitan
3%
s Sanjuansaurus
3%
s Sanpasaurus
3%
subsequently found to be a rhynchosaur, Hyperodapedon Scaphonyx
3%
s Sciurumimus
3%
s Spinophorosaurus
3%
s Spinostropheus
3%
t Talenkauen
3%
t Tambatitanis
3%
probable junior synonym of Triceratops Tatankaceratops
3%
t Tatisaurus
3%
t Tehuelchesaurus
3%
t Transylvanosaurus
3%
t Tratayenia
3%
t Trigonosaurus
3%
u Uberabatitan
3%
u Unquillosaurus
3%
u Urbacodon
3%
v Vahiny
3%
possible synonym of Thecocoelurus Valdoraptor
3%
v Vectidromeus
3%
nomen nudum; Duriavenator Walkersaurus
3%
x Xinjiangtitan
3%
x Xuanhanosaurus
3%
y Yehuecauhceratops
3%
z Zhenyuanlong
3%
junior synonym of Shantungosaurus Zhuchengosaurus
3%
z Ziapelta
3%
a Adynomosaurus
2%
a Aepisaurus
2%
a Anabisetia
2%
a Analong
2%
HINT ANSWER
2%
a Antetonitrus
2%
a Aratasaurus
2%
a Arenysaurus
2%
a Aristosuchus
2%
a Arrudatitan
2%
preoccupied name, now known as Agustinia Augustia
2%
a Augustynolophus
2%
b Bagualosaurus
2%
nomen nudum Balochisaurus
2%
b Beishanlong
2%
b Bienosaurus
2%
b Bissektipelta
2%
b Bravasaurus
2%
b Brighstoneus
2%
b Buriolestes
2%
c Camelotia
2%
possibly a species of Camarasaurus Cathetosaurus
2%
c Chuandongocoelurus
2%
c Colepiocephale
2%
c Cruxicheiros
2%
d Dandakosaurus
2%
d Datonglong
2%
d Diclonius
2%
d Dongyangopelta
2%
d Dystrophaeus
2%
d Dzharatitanis
2%
e Elopteryx
2%
e Eoneophron
2%
e Erketu
2%
f Fostoria
2%
g Gandititan
2%
g Garrigatitan
2%
g Geminiraptor
2%
g Gideonmantellia
2%
g Glyptodontopelta
2%
g Gonkoken
2%
g Gravitholus
2%
g Gualicho
2%
h Halticosaurus
2%
h Hamititan
2%
h Hanssuesia
2%
h Haplocheirus
2%
h Histriasaurus
2%
h Huanghetitan
2%
h Hudiesaurus
2%
i Ibirania
2%
i Iliosuchus
2%
j Jaculinykus
2%
j Jinfengopteryx
2%
nomen nudum; Tianchisaurus Jurassosaurus
2%
k Kamuysaurus
2%
k Kayentavenator
2%
probably a pseudosuchian (Revueltosaurus?) Krzyzanowskisaurus
2%
subsequently found to be a non-dinosaurian dinosauromorph Lagosuchus
2%
l Lajasvenator
2%
l Laquintasaura
2%
l Leyesaurus
2%
l Limaysaurus
2%
l Linhevenator
2%
l Llukalkan
2%
m Mahakala
2%
m Malefica
2%
junior synonym of Mantellisaurus Mantellodon
2%
m Matheronodon
2%
m Maxakalisaurus
2%
m Mendozasaurus
2%
nomen nudum Microcephale
2%
m Minqaria
2%
m Mnyamawamtuka
2%
m Moabosaurus
2%
m Morelladon
2%
nomen nudum, possibly Zanclodon Newtonsaurus
2%
n Niobrarasaurus
2%
possible junior synonym of Elmisaurus Nomingia
2%
n Normanniasaurus
2%
nomen nudum Nurosaurus
2%
o Ornatops
2%
nomen nudum; Saurornithoides Ornithoides
2%
nomen nudum; Velociraptor Ovoraptor
2%
junior synonym of Plateosaurus Pachysauriscus
2%
nomen nudum Pakisaurus
2%
subsequently found to be a non-dinosaurian archosaur; junior synonym (unneeded replacement name) of Palaeosaurus Paleosaurus
2%
p Pedopenna
2%
p Philovenator
2%
p Phuwiangvenator
2%
p Pneumatoraptor
2%
p Polyonax
2%
described as a bird, probably a chimera including theropod dinosaur bones Protoavis
2%
preoccupied name, now known as Chasmosaurus | subsequently found to be a non-dinosaurian reptile Protorosaurus
2%
p Pukyongosaurus
2%
q Qiupalong
2%
q Quetecsaurus
2%
q Quilmesaurus
2%
subsequently found to be a crocodylomorph Razanandrongobe
2%
junior synonym of Struthiosaurus Rhodanosaurus
2%
r Rinconsaurus
2%
r Rugocaudia
2%
possibly non-dinosaurian Sacisaurus
2%
junior synonym of Plateosaurus Sellosaurus
2%
s Shanxia
2%
s Shenzhousaurus
2%
s Silutitan
2%
nomen nudum; synonym of Sinopeltosaurus Sinopelta
2%
a pliosaur; one species, "S." fusuiensis, is actually a dinosaur that may be synonymous with Siamosaurus Sinopliosaurus
2%
preoccupied name, now known as Zanclodon Smilodon
2%
subsequently found to be a non-dinosaurian reptile Sphenosaurus
2%
junior synonym of Tyrannosaurus Stygivenator
2%
s Suuwassea
2%
t Tanius
2%
t Taohelong
2%
t Tatankacephalus
2%
possibly non-dinosaurian Technosaurus
2%
t Tsagantegia
2%
v Valdosaurus
2%
v Vectiraptor
2%
preoccupied name, now known as Alwalkeria Walkeria
2%
x Xiaotingia
2%
x Xixianykus
2%
y Yamaceratops
2%
y Ypupiara
2%
y Yuzhoulong
2%
a Abditosaurus
1%
possibly non-dinosaurian Agnosphitys
1%
a Alnashetri
1%
a Alocodon
1%
nomen nudum Amargastegos
1%
a Ampelognathus
1%
possibly a junior synonym of Talarurus Amtosaurus
1%
nomen nudum Angloposeidon
1%
a Aoniraptor
1%
junior synonym of Archaeopteryx Archaeornis
1%
a Arkharavia
1%
possibly non-dinosaurian Asilisaurus
1%
junior synonym of Astrodon Astrodonius
1%
a Austrocheirus
1%
subsequently found to be a non-dinosaurian archosauromorph Azendohsaurus
1%
b Bainoceratops
1%
b Baotianmansaurus
1%
b Barrosasaurus
1%
b Batyrosaurus
1%
b Baurutitan
1%
nomen nudum Bihariosaurus
1%
b Blasisaurus
1%
b Bonatitan
1%
junior synonym of Thescelosaurus Bugenasaura
1%
b Burianosaurus
1%
c | preoccupied name, now known as Calamosaurus Calamospondylus
1%
preoccupied name, now known as Camptosaurus Camptonotus
1%
nomen nudum Capitalsaurus
1%
c Cathartesaura
1%
c Cedrorestes
1%
c Cerasinops
1%
c Chinshakiangosaurus
1%
c Chromogisaurus
1%
c Cionodon
1%
c Claosaurus
1%
subsequently found to be a primitive diapsid Coelurosauravus
1%
preoccupied name, now known as Coloradisaurus Coloradia
1%
c Compsosuchus
1%
c Craspedodon
1%
c Crittendenceratops
1%
c Cumnoria
1%
junior synonym of Hypselospinus or Mantellisaurus Darwinsaurus
1%
d Datai
1%
d Daurlong
1%
junior synonym of Nedoceratops Diceratus
1%
d Dinodocus
1%
possibly non-dinosaurian Diodorus
1%
junior synonym of Mantellisaurus Dollodon
1%
junior synonym of Supersaurus Dystylosaurus
1%
junior synonym of Brontosaurus Eobrontosaurus
1%
nomen nudum; Eolambia Eohadrosaurus
1%
possibly non-dinosaurian Eucoelophysis
1%
nomen nudum; Oviraptor Fenestrosaurus
1%
g Galeamopus
1%
g Ganzhousaurus
1%
g Gilmoreosaurus
1%
g Gremlin
1%
junior synonym of Archaeopteryx Griphornis
1%
nomen nudum Gspsaurus
1%
h Hagryphus
1%
preoccupied name, now known as Euhelopus Helopus
1%
junior synonym of Struthiosaurus Hoplosaurus
1%
h Horshamosaurus
1%
h Hualianceratops
1%
junior synonym of Shantungosaurus Huaxiaosaurus
1%
nomen nudum; Huaxiagnathus Huaxiasaurus
1%
junior synonym of Hylaeosaurus Hylosaurus
1%
j Jinyunpelta
1%
j Jinzhousaurus
1%
junior synonym of Archaeopteryx Jurapteryx
1%
k Kaijiangosaurus
1%
k Kakuru
1%
k Kangnasaurus
1%
k Kazaklambia
1%
k Kelumapusaura
1%
k Koparion
1%
k Koshisaurus
1%
possible junior synonym of Pararhabdodon Koutalisaurus
1%
synonym of Kulindadromeus Kulindapteryx
1%
k Kundurosaurus
1%
possibly non-dinosaurian Kwanasaurus
1%
junior synonym of Allosaurus Labrosaurus
1%
possible junior synonym of Bagaceratops Lamaceratops
1%
l Lametasaurus
1%
junior synonym of Lycorhinus Lanasaurus
1%
l Lepidus
1%
l Ligabuesaurus
1%
l Lohuecotitan
1%
subsequently found to be a non-dinosaurian reptile Longisquama
1%
l Lophorhothon
1%
m Macrogryphosaurus
1%
m Malarguesaurus
1%
m Mandschurosaurus
1%
nomen nudum Maojandino
1%
m Migmanychion
1%
m Minimocursor
1%
m Mirischia
1%
junior synonym of Chasmosaurus Mojoceratops
1%
m Muyelensaurus
1%
preoccupied name; renamed Parrosaurus, which is now Hypsibema Neosaurus
1%
n Neosodon
1%
n Nevadadromeus
1%
n Ngwevu
1%
n Nopcsaspondylus
1%
n Notohypsilophodon
1%
o Oplosaurus
1%
o Ornithomimoides
1%
o Orthogoniosaurus
1%
o Orthomerus
1%
nomen nudum Oshanosaurus
1%
o Ostromia
1%
preoccupied name, now known as Pachysauriscus; junior synonym of Plateosaurus Pachysaurus
1%
possibly a bird Palaeopteryx
1%
junior synonym of Palaeosaurus Palaeosauriscus
1%
p Palaeoscincus
1%
junior synonym of Sauroposeidon Paluxysaurus
1%
p Pandoravenator
1%
p Panguraptor
1%
p Patagopelta
1%
p Pendraig
1%
p Penelopognathus
1%
p Petrobrasaurus
1%
p Pilmatueia
1%
p Pitekunsaurus
1%
p Piveteausaurus
1%
p Planicoxa
1%
possible junior synonym of Bagaceratops Platyceratops
1%
p Platytholus
1%
possible junior synonym of Astrodon Pleurocoelus
1%
chimera of Hylaeosaurus and Polacanthus Polacanthoides
1%
p Polyodontosaurus
1%
nomen nudum; Iguanodon Proiguanodon
1%
q Qianlong
1%
q Qiaowanlong
1%
q Qijianglong
1%
r Rahiolisaurus
1%
r Rayososaurus
1%
r Riabininohadros
1%
r Richardoestesia
1%
junior synonym of Coelophysis Rioarribasaurus
1%
subsequently found to be a non-dinosaurian archosaur Riojasuchus
1%
nomen nudum; Melanorosaurus Roccosaurus
1%
r Ruyangosaurus
1%
s Sahaliyania
1%
nomen nudum Saltriosaurus
1%
s Sauroplites
1%
s Sektensaurus
1%
s Serendipaceratops
1%
s Serikornis
1%
s Shaochilong
1%
s Shidaisaurus
1%
s Sierraceratops
1%
s Sinocephale
1%
s Sinocoelurus
1%
s Smitanosaurus
1%
subsequently found to be a non-dinosaurian reptile Spinosuchus
1%
nomen nudum Sulaimanisaurus
1%
t Tapuiasaurus
1%
t Tataouinea
1%
t Tendaguria
1%
t Texasetes
1%
alternate spelling of Tianchisaurus Tianchiasaurus
1%
t Tianzhenosaurus
1%
t Tralkasaurus
1%
t Trierarchuncus
1%
t Tuebingosaurus
1%
t Tugulusaurus
1%
v Vayuraptor
1%
w Wakinosaurus
1%
subsequently found to be a bird, possible junior synonym of Archaeopteryx Wellnhoferia
1%
w Wulagasaurus
1%
nomen nudum, synonym of Allosaurus Wyomingraptor
1%
x Xixiposaurus
1%
junior synonym of Anchisaurus Yaleosaurus
1%
y Yanbeilong
1%
y Yixianosaurus
1%
y Yuanmousaurus
1%
y Yurgovuchia
1%
z Zapalasaurus
1%
z Zhanghenglong
1%
z Zizhongosaurus
1%
subsequently found to be a choristoderan Actiosaurus
0%
junior synonym of Massospondylus Aetonyx
0%
subsequently found to be a metriorhynchid crocodilian Aggiosaurus
0%
probably a junior synonym of Thecodontosaurus Agrosaurus
0%
nomen nudum; Kuru Airakoraptor
0%
subsequently found to be a non-dinosaurian reptile Albisaurus
0%
a Almas
0%
possibly non-dinosaurian Amanasaurus
0%
nomen nudum; synonym of Huabeisaurus Amphicoelicaudia
0%
preoccupied name, now known as Anchisaurus Amphisaurus
0%
nomen nudum Andhrasaurus
0%
a Angulomastacator
0%
a Anhuilong
0%
a Anomalipes
0%
subsequently found to be a pareiasaur Anthodon
0%
possibly a junior synonym of Allosaurus Apatodon
0%
nomen nudum; Neuquenraptor Araucanoraptor
0%
a Archaeodontosaurus
0%
junior synonym of Massospondylus Aristosaurus
0%
a Arstanosaurus
0%
junior synonym of Astrodon Astrodontaurus
0%
a Astrophocaudia
0%
a Asylosaurus
0%
b Bagualia
0%
nomen nudum; Bactrosaurus Bakesaurus
0%
b Bashunosaurus
0%
subsequently found to be a non-dinosaurian archosaur Basutodon
0%
a pelycosaur, Dimetrodon Bathygnathus
0%
b Bayannurosaurus
0%
nomen nudum Bayosaurus
0%
nomen nudum Beelemodon
0%
b | chimera of several unnamed dinosaurs Beipiaognathus
0%
subsequently found to be a phytosaur Belodon
0%
nomen nudum; Cedarpelta Bilbeyhallorum
0%
nomen nudum, synonym of Giraffatitan Blancocerosaurus
0%
b Brachypodosaurus
0%
junior synonym of Camptosaurus Brachyrophus
0%
subsequently found to be a metriorhynchid; junior objective synonym of Dakosaurus or Geosaurus Brachytaenius
0%
subsequently found to be a non-dinosaurian archosaur Brasileosaurus
0%
b Brohisaurus
0%
nomen nudum; Byronosaurus Byranjaffia
0%
c Caieiria
0%
c Calvarius
0%
c Cardiodon
0%
c Caseosaurus
0%
junior synonym of Teinurosaurus Caudocoelus
0%
junior synonym of Camarasaurus Caulodon
0%
subsequently found to be a phytosaur Centemodon
0%
nomen nudum Changdusaurus
0%
c Changmiania
0%
junior synonym of Edmontonia Chassternbergia
0%
junior synonym of Hypacrosaurus Cheneosaurus
0%
c Chiayusaurus
0%
possible junior synonym of Szechuanosaurus Chienkosaurus
0%
nomen nudum; Sonorasaurus Chihuahuasaurus
0%
c Chingkankousaurus
0%
c Choconsaurus
0%
c Chondrosteosaurus
0%
c Choyrodon
0%
c Chuanjiesaurus
0%
c Chuanqilong
0%
c Chucarosaurus
0%
c Chuxiongosaurus
0%
nomen nudum Cinizasaurus
0%
subsequently found to be a non-dinosaurian rauisuchian; synonym of Teratosaurus Cladeiodon
0%
possibly Triceratops Claorhynchus
0%
subsequently found to be a sphenosuchian; synonym of Sphenosuchus Clarencea
0%
c Clasmodosaurus
0%
subsequently found to be a phytosaur, possibly Palaeosaurus Clepsysaurus
0%
c Coeluroides
0%
nomen nudum; Pelorosaurus Colossosaurus
0%
c Comahuesaurus
0%
nomen nudum Comanchesaurus
0%
c Convolosaurus
0%
junior synonym of Struthiosaurus Crataeomus
0%
junior synonym of Allosaurus Creosaurus
0%
subsequently found to be a non-dinosaurian archosauriform Crosbysaurus
0%
junior synonym (unneeded replacement name) of Cryptosaurus Cryptodraco
0%
nomen nudum Cryptoraptor
0%
nomen nudum Dachongosaurus
0%
d Daliansaurus
0%
nomen nudum Damalasaurus
0%
junior synonym of Struthiosaurus Danubiosaurus
0%
nomen nudum; early manuscript name for Deinonychus Daptosaurus
0%
d Dashanpusaurus
0%
preoccupied name, now known as Dasygnathoides Dasygnathus
0%
synonym of Kulindadromeus Daurosaurus
0%
junior synonym of Iguanodon Delapparentia
0%
subsequently found to be a therapsid Deuterosaurus
0%
synonym of Lambeosaurus; possibly a nomen nudum Didanodon
0%
junior synonym of Plateosaurus Dimodosaurus
0%
junior synonym Tyrannosaurus or some other tyrannosaurid Dinotyrannus
0%
junior synonym of Stegosaurus Diracodon
0%
d Dolichosuchus
0%
nomen nudum, synonym of Arackar Domeykosaurus
0%
subsequently found to be a crocodilian Doratodon
0%
junior synonym (unneeded replacement name) of Kentrosaurus Doryphorosaurus
0%
junior synonym of Massospondylus Dromicosaurus
0%
nomen nudum Duranteceratops
0%
d Dzharaonyx
0%
subsequently found to be a rhynchocephalian Elachistosuchus
0%
e Elemgasem
0%
junior synonym of Brontosaurus Elosaurus
0%
e Elrhazosaurus
0%
nomen nudum; Cryolophosaurus Elvisaurus
0%
e Embasaurus
0%
e Eoplophysis
0%
e Epachthosaurus
0%
nomen nudum; Machimosaurus (a crocodilian) Ephoenosaurus
0%
subsequently found to be a proterosuchid archosauriform, Ankistrodon Epicampodon
0%
e Epichirostenotes
0%
e Erythrovenator
0%
e Eshanosaurus
0%
nomen nudum; junior synonym of Polacanthus Euacanthus
0%
e Eucamerotus
0%
junior synonym (unneeded replacement name) of Centrosaurus Eucentrosaurus
0%
e Eucercosaurus
0%
nomen nudum Eugongbusaurus
0%
subsequently found to be a nothosaur synonymous with Lariosaurus Eupodosaurus
0%
nomen nudum; Tenontosaurus Eureodon
0%
subsequently found to be a pterosaur Eurolimnornis
0%
nomen nudum Fendusaurus
0%
nomen nudum Ferganastegos
0%
junior synonym of Herrerasaurus Frenguellisaurus
0%
f Fujianvenator
0%
f Fulengia
0%
f Fushanosaurus
0%
nomen nudum; Eotyrannus Fusinasus
0%
f Fusuisaurus
0%
nomen nudum Gadolosaurus
0%
subsequently found to be a therapsid Galesaurus
0%
g Galleonosaurus
0%
subsequently found to be a pseudosuchian; possibly a junior synonym of Revueltosaurus Galtonia
0%
synonym of Galvesaurus Galveosaurus
0%
possibly non-dinosaurian Gamatavus
0%
g Gannansaurus
0%
nomen nudum; Daxiatitan Gansutitan
0%
g Garumbatitan
0%
nomen nudum; Eotyrannus Gavinosaurus
0%
g Geranosaurus
0%
Probable junior synonym of Euskelosaurus Gigantoscelus
0%
nomen nudum; Kinnareemimus Ginnareemimus
0%
g Glishades
0%
nomen nudum; Gojirasaurus Godzillasaurus
0%
g Gongbusaurus
0%
g Gongpoquansaurus
0%
g Gongxianosaurus
0%
subsequently found to be a non-dinosaurian archosaur Gracilisuchus
0%
possible junior synonym of Plateosaurus Gresslyosaurus
0%
g Gryponyx
0%
g Guemesia
0%
subsequently found to be a tanystrophid Gwyneddosaurus
0%
possibly a junior synonym of Massospondylus Gyposaurus
0%
nomen nudum; junior synonym of Gryposaurus Hadrosauravus
0%
h Haestasaurus
0%
subsequently found to be a crocodylomorph Hallopus
0%
nomen nudum Hanwulosaurus
0%
junior synonym of Telmatosaurus Hecatasaurus
0%
nomen nudum Heilongjiangosaurus
0%
h Heishansaurus
0%
h Heptasteornis
0%
subsequently found to be a pterosaur Herbstosaurus
0%
possible synonym of Mantellisaurus Heterosaurus
0%
h Hierosaurus
0%
unior synonym of Iguanodon Hikanodon
0%
nomen nudum Hironosaurus
0%
nomen nudum Hisanohamasaurus
0%
nomen nudum later described as Yandusaurus; name later used for a genus of marine reptile Honghesaurus
0%
junior synonym of Psittacosaurus Hongshanosaurus
0%
possible junior synonym of Massospondylus Hortalotarsus
0%
h Huallasaurus
0%
h Huanansaurus
0%
h Huangshanlong
0%
h Huehuecanauhtlus
0%
h Huinculsaurus
0%
junior synonym of Hypselospinus Huxleysaurus
0%
subsequently found to be a ctenosauriscid Hypselorhachis
0%
h Hypsirhophus
0%
nomen nudum; Shri Ichabodcraniosaurus
0%
i Ignavusaurus
0%
possibly non-dinosaurian Ignotosaurus
0%
nomen nudum; Iguanodon Iguanoides
0%
nomen nudum; Iguanodon Iguanosaurus
0%
i Inosaurus
0%
i Irisosaurus
0%
i Isasicursor
0%
junior synonym of Herrerasaurus Ischisaurus
0%
nomen nudum; Dicraeosaurus Issasaurus
0%
i Itapeuasaurus
0%
i Iuticosaurus
0%
i Iyuku
0%
j Jaklapallisaurus
0%
junior synonym of Tarbosaurus Jenghizkhan
0%
nomen nudum; Supersaurus Jensenosaurus
0%
j Jeyawati
0%
j Jianchangosaurus
0%
nomen nudum; Monolophosaurus Jiangjunmiaosaurus
0%
j Jiangxititan
0%
j Jianianhualong
0%
preoccupied name, has not yet been renamed Jingia
0%
j Jintasaurus
0%
j Jiutaisaurus
0%
possible junior synonym of Laevisuchus Jubbulpuria
0%
nomen nudum Kagasaurus
0%
k Kansaignathus
0%
k Karongasaurus
0%
k Katepensaurus
0%
nomen nudum Katsuyamasaurus
0%
subsequently found to be a crocodyliform Kemkemia
0%
junior synonym (unneeded replacement name) of Kentrosaurus Kentrurosaurus
0%
nomen nudum Khetranisaurus
0%
k Khulsanurus
0%
nomen nudum; Fukuiraptor Kitadanisaurus
0%
nomen nudum; Eotyrannus Kittysaurus
0%
k Klamelisaurus
0%
junior synonym of Barilium Kukufeldia
0%
k Kulceratops
0%
nomen nudum Kunmingosaurus
0%
subsequently found to be a bird Kuszholia
0%
subsequently found to be a non-dinosaurian pterosauromorph Lagerpeton
0%
l Laiyangosaurus
0%
l Lamplughsaura
0%
variant spelling of "Lancanjiangosaurus" Lancangosaurus
0%
l Lanzhousaurus
0%
l Laosaurus
0%
l Lavocatisaurus
0%
junior synonym of Struthiosaurus Leipsanosaurus
0%
nomen nudum; Eotyrannus Lengosaurus
0%
l Leonerasaurus
0%
junior synonym of Kulindadromeus Lepidocheirosaurus
0%
l Leptorhynchos
0%
unior synonym of Massospondylus Leptospondylus
0%
l Leshansaurus
0%
l Levnesovia
0%
nomen nudum; possible synonym of Sarcosaurus Liassaurus
0%
subsequently found to be an anthracothere mammal Libycosaurus
0%
l Ligabueino
0%
nomen nudum, synonym of Giraffatitan Ligomasaurus
0%
nomen nudum; possibly non-dinosaurian Likhoelesaurus
0%
preoccupied name, now known as Palaeocursornis ( a pterosaur) Limnornis
0%
preoccupied name, now known as Telmatosaurus Limnosaurus
0%
l Lingyuanosaurus
0%
subsequently found to be a crocodilian Lisboasaurus
0%
l Liubangosaurus
0%
l Loncosaurus
0%
junior synonym of Coelophysis Longosaurus
0%
l Loricosaurus
0%
l Losillasaurus
0%
l Luanchuanraptor
0%
nomen nudum; Psittacosaurus Luanpingosaurus
0%
subsequently found to be a non-dinosaurian archosauriform Lucianosaurus
0%
possibly a crurotarsan Lukousaurus
0%
l Luoyanggia
0%
l Lusitanosaurus
0%
possibly non-dinosaurian Lutungutali
0%
subsequently found to be a sphenosuchian crocodilian Macelognathus
0%
m Machairasaurus
0%
subsequently found to be a member of Lophotrochozoa Macrodontophion
0%
junior synonym of Chirostenotes Macrophalangia
0%
nomen nudum; junior synonym of Tanystropheus Macroscelosaurus
0%
m Macrurosaurus
0%
nomen nudum, Allosaurus Madsenius
0%
possible junior synonym of Bagaceratops Magnirostris
0%
nomen nudum Magulodon
0%
m Mahuidacursor
0%
junior synonym of Tarbosaurus Maleevosaurus
0%
m Maleevus
0%
m Mansourasaurus
0%
subsequently found to be a non-dinosaurian dinosauromorph Marasuchus
0%
nomen nudum Marisaurus
0%
m Marmarospondylus
0%
m Mbiresaurus
0%
nomen nudum Megacervixosaurus
0%
preoccupied name, now known as Anchisaurus Megadactylus
0%
nomen nudum; Microvenator Megadontosaurus
0%
m Menucocelsior
0%
m Meroktenos
0%
m Microcoelus
0%
nomen nudum Microdontosaurus
0%
m Microhadrosaurus
0%
m Mierasaurus
0%
nomen nudum Mifunesaurus
0%
nomen nudum; Tornieria Mohammadisaurus
0%
m Morinosaurus
0%
nomen nudum; possibly Mamenchisaurus Moshisaurus
0%
nomen nudum, synonym of Giraffatitan Mtapaiasaurus
0%
nomen nudum; Dicraeosaurus Mtotosaurus
0%
n Nambalia
0%
n Nankangia
0%
n Nanningosaurus
0%
n Nanyangosaurus
0%
n Napaisaurus
0%
n Narambuenatitan
0%
n Narindasaurus
0%
invalid name, either Alcovasaurus or Miragaia Natronasaurus
0%
n Nebulasaurus
0%
preoccupied name, now known as Kritosaurus Nectosaurus
0%
n Nedcolbertia
0%
preoccupied name, now known as Nemegtomaia Nemegtia
0%
nomen nudum Ngexisaurus
0%
n Nhandumirim
0%
nomen manuscriptum Nicksaurus
0%
n Niebla
0%
n Ningyuansaurus
0%
n Notatesseraeraptor
0%
n Notoceratops
0%
nomen nudum; Janenschia Nteregosaurus
0%
nomen nudum; Dicraeosaurus Nyororosaurus
0%
o Oblitosaurus
0%
possible synonym of Mochlodon Oligosaurus
0%
o Ondogurvel
0%
junior synonym of Zalmoxes or Rhabdodon, or an ankylosaurian Onychosaurus
0%
nomen nudum Orcomimus
0%
junior synonym (unneeded replacement name) of Orosaurus Orinosaurus
0%
junior synonym of Stegoceras Ornatotholus
0%
possible synonym of Mochlodon Ornithomerus
0%
o Ornithopsis
0%
junior synonym of Hadrosaurus Ornithotarsus
0%
o Osmakasaurus
0%
possibly a nomen nudum Otogosaurus
0%
junior synonym of Plateosaurus Pachysaurops
0%
junior synonym of Massospondylus Pachyspondylus
0%
p Pachysuchus
0%
p Padillasaurus
0%
subsequently found to be a phytosaur Palaeoctonus
0%
nomen nudum; Palaeocursornis, pterodactyloid pterosaur belonging to Azhdarchoidea Palaeolimnornis
0%
p Papiliovenator
0%
nomen nudum; Bactrosaurus Paraiguanodon
0%
p Pareisactus
0%
p Paronychodon
0%
p Peishansaurus
0%
subsequently found to be a pseudosuchian; junior synonym of Revueltosaurus Pekinosaurus
0%
p Pellegrinisaurus
0%
preoccupied name, now known as Sauropelta Peltosaurus
0%
p Perijasaurus
0%
p Phaedrolosaurus
0%
p Phyllodon
0%
possibly non-dinosaurian Picrodon
0%
junior synonym of Struthiosaurus Pleuropeltus
0%
subsequently found to be a turtle Pneumatoarthrus
0%
p Portellsaurus
0%
p Powellvenator
0%
p Pradhania
0%
p Priconodon
0%
p Priodontognathus
0%
preoccupied name, now known as Ponerosteus | subsequently found to be a tanystropheid protorosaur, Tanystropheus Procerosaurus
0%
junior synonym of Lambeosaurus Procheneosaurus
0%
p Prodeinodon
0%
junior synonym of Mantellisaurus Proplanicoxa
0%
subsequently found to be a non-dinosaurian archosauriform Protecovasaurus
0%
junior synonym of Psittacosaurus Protiguanodon
0%
nomen nudum; Hexinlusaurus Proyandusaurus
0%
possibly non-dinosaurian; a junior synonym of Lewisuchus Pseudolagosuchus
0%
p Pteropelyx
0%
p Pterospondylus
0%
p Pulanesaura
0%
p Punatitan
0%
q Qingxiusaurus
0%
q Qinlingosaurus
0%
q Qiupanykus
0%
subsequently found to be a chimera primarily based on ichthyosaur fossils Rachitrema
0%
r Ratchasimasaurus
0%
r Regnosaurus
0%
may be non-dinosaurian, possibly crocodilian Rhadinosaurus
0%
r Rhomaleopakhus
0%
subsequently found to be a synapsid Rhopalodon
0%
nomen nudum; Turiasaurus Riodevasaurus
0%
r Rocasaurus
0%
nomen nudum Ronaldoraptor
0%
r Ruehleia
0%
r Ruixinia
0%
nomen nudum Saldamosaurus
0%
nomen nudum, synonym of Giraffatitan Salimosaurus
0%
nomen nudum, possible Gallimimus Sanchusaurus
0%
nomen nudum, Tianchisaurus Sangonghesaurus
0%
s Sanxiasaurus
0%
nomen manuscriptum Saraikimasoom
0%
s Sarmientosaurus
0%
nomen nudum; Echinodon Sauraechinodon
0%
nomen nudum; Echinodon Sauraechmodon
0%
nomen nudum; Echinodon Saurechinodon
0%
preoccupied name, now known as Saurophaganax Saurophagus
0%
s Schleitheimia
0%
subsequently found to be a non-dinosaurian avemetatarsalian Scleromochlus
0%
s Sefapanosaurus
0%
s Seitaad
0%
nomen nudum; Dicraeosaurus Selimanosaurus
0%
junior synonym of Barilium Sellacoxa
0%
junior synonym of Tarbosaurus Shanshanosaurus
0%
s Shanyangosaurus
0%
s Shingopana
0%
s Shishugounykus
0%
s Shixinggia
0%
possible synonym of Sinosaurus Shuangbaisaurus
0%
s Shuangmiaosaurus
0%
subsequently found to be a rauisuchian Shuvosaurus
0%
s Siamodon
0%
nomen nudum Siamodracon
0%
nomen nudum, now known as Sibirotitan Sibirosaurus
0%
s Sidersaura
0%
nomen nudum Sidormimus
0%
s Siluosaurus
0%
s Sinusonasus
0%
s Sirindhorna
0%
s Sonidosaurus
0%
possibly non-dinosaurian Soumyasaurus
0%
s Sphaerotholus
0%
junior synonym of Mantellisaurus Sphenospondylus
0%
subsequently found to be an aphanosaur Spondylosoma
0%
subsequently found to be a cetacean Squalodon
0%
s Stegosaurides
0%
junior synonym of Stygimoloch, which is a possible junior synonym of Pachycephalosaurus Stenotholus
0%
s Stephanosaurus
0%
preoccupied name, now known as Euoplocephalus Stereocephalus
0%
junior synonym of Triceratops Sterrholophus
0%
junior synonym of Lesothosaurus Stormbergia
0%
junior synonym of Riojasaurus Strenusaurus
0%
subsequently found to be fossilized mollusc borings Succinodon
0%
subsequently found to be a phytosaur Suchoprion
0%
nomen nudum Sugiyamasaurus
0%
junior synonym of Camptosaurus Symphyrophus
0%
s Syngonosaurus
0%
junior synonym of Pinacosaurus Syrmosaurus
0%
t Tachiraptor
0%
t Tamarro
0%
t Tangvayosaurus
0%
t Tanystrosuchus
0%
subsequently found to be a therapsid Tapinocephalus
0%
t Taveirosaurus
0%
junior synonym of Lufengosaurus Tawasaurus
0%
t Tazoudasaurus
0%
subsequently found to be a non-dinosaurian archosauriform Tecovasaurus
0%
nomen nudum Teihivenator
0%
subsequently found to be a basal avemetatarsalian Teleocrater
0%
nomen nudum; Tenontosaurus Tenantosaurus
0%
nomen nudum; an unpublished museum name for Tianchisaurus Tenchisaurus
0%
t Tengrisaurus
0%
subsequently found to be a phytosaur Termatosaurus
0%
junior synonym of Lambeosaurus Tetragonosaurus
0%
possibly junior synonym of Staurikosaurus Teyuwasu
0%
t Tharosaurus
0%
t Thecospondylus
0%
t Theiophytalia
0%
a synonym of Iguanodon Therosaurus
0%
t Thespesius
0%
nomen nudum; Kholumolumo Thotobolosaurus
0%
nomen nudum; Dianchungosaurus (crocodilian) Tianchungosaurus
0%
t Tichosteus
0%
t Tienshanosaurus
0%
t Tochisaurus
0%
preoccupied name, now known as Diplotomodon Tomodon
0%
t Tonganosaurus
0%
t Tongtianlong
0%
nomen nudum Tonouchisaurus
0%
junior synonym of Barilium Torilion
0%
t Traukutitan
0%
preoccupied name, now known as Trialestes Triassolestes
0%
junior synonym of Tanystropheus, a protorosaur Tribelesodon
0%
t Trimucrodon
0%
t Triunfosaurus
0%
synonym of Pachycephalosaurus Tylosteus
0%
junior synonym of Triceratops Ugrosaurus
0%
junior synonym of Camarasaurus Uintasaurus
0%
nomen nudum; Barsboldia Umarsaurus
0%
nomen nudum, subsequently found to be a fish Unicerosaurus
0%
v Vectaerovenator
0%
junior synonym of Polacanthus or Hylaeosaurus Vectensia
0%
subsequently found to be a non-dinosaurian archosaur Venaticosuchus
0%
nomen nudum Vitakridrinda
0%
nomen nudum Vitakrisaurus
0%
v Volkheimeria
0%
junior synonym of Hypselospinus Wadhurstia
0%
possible synonym of Rapator Walgettosuchus
0%
nomen nudum, synonym of Giraffatitan Wangonisaurus
0%
w Weewarrasaurus
0%
w Willinakaqe
0%
w Wulatelong
0%
subsequently found to be a bird Wyleyia
0%
x Xianshanosaurus
0%
x Xingtianosaurus
0%
x Xingxiulong
0%
x Xixiasaurus
0%
x Xiyunykus
0%
nomen nudum; Xuanhuaceratops Xuanhuasaurus
0%
x Xunmenglong
0%
y Yamanasaurus
0%
nomen nudum; subsequently found to be a junior synonym of the mosasaur Taniwhasaurus Yezosaurus
0%
nomen nudum Yibinosaurus
0%
y Yimenosaurus
0%
y Yizhousaurus
0%
y Yongjinglong
0%
nomen nudum Yuanmouraptor
0%
y Yueosaurus
0%
y Yunganglong
0%
y Yunmenglong
0%
nomen nudum Yunxianosaurus
0%
y Yunyangosaurus
0%
z Zapsalis
0%
subsequently found to be a non-dinosaurian archosaur Zatomus
0%
z Zhejiangosaurus
0%
z Zhongjianosaurus
0%
subsequently found to be a bird Zhongornis
0%
possible junior synonym of Gobisaurus Zhongyuansaurus
0%
z Zuolong
0%
z Zuoyunlong
0%
No matching quizzes found
Score Distribution
Percent of People with Each Score
Percentile by Number Answered
Your Score History
You have not taken this quiz